000 01157nam0a22002651 4500
001 rc\2309574
005 20260408083148.0
035 _a(NLR Aleph) 006573601
090 _a6971326
_c6971326
100 _a20110829d1977 |||y0rusy50 ca
101 0 _arus
102 _aRU
105 _ay z |||||
200 1 _aМонументальное искусство в грузинском городском ансамбле
_fАН ГССР. Ин-т истории груз. искусства им. Г.Н. Чубинашвили. II Международный симпозиум по грузинскому искусству
210 _aТбилиси
_cМецниереба
_d1977
215 _a6 с.
_d20
700 1 _aШвидковский
_bО.А.
_f1925-1990
_gОлег Александрович
712 1 2 _aМеждународный симпозиум по грузинскому искусству
_d2
_f1977
_eТбилиси
_3RU\NLR\AUTH\8810165759
_9827544
801 0 _aRU
_bNLR
_gpsbo
801 1 _aRU
_bELAR
_2rusmarc
852 _aNLR
_j77-4/20442
899 _aRuMoRGB
_jБ 77-36/129
899 _aRuMoRGB
_jБ 77-36/131
942 _cBOOK
980 _aNB